000 01256nam a2200337 i 4500
001 67425
003 ES-MaACL
005 20250827062612.0
007 t|
008 040525s2003 sp ||||0| spa d
020 _a84-470-2013-4
040 _aM-BN
_bspa
_cM-BN
080 _a347.27(460)"19/20"(094.5)
080 _a347.714(460)"19/20"(094.5)
110 1 _aEspaña
_93622
240 1 0 _aLeyes, etc., hipotecarias
245 1 0 _aLegislación hipotecaria y del registro mercantil /
_cedición preparada por José Manuel García García.
260 _aMadrid :
_bCivitas,
_c2003.
300 _a1126 p ;
_c17 cm.
490 1 _aBiblioteca de legislación ;
_v21.
_aTextos legales anotados
500 _a"Thomson"
500 _a"Vigésima cuarta edición, actualizada a septiembre de 2003"--Cub.
500 _aIndice.
650 4 _aHipotecas-
_zEspaña-
_vLegislación.
_913366
650 1 4 _aRegistro mercantil-
_zEspaña-
_vLegislación.
_916770
700 1 _aGarcía García, José Manuel (
_d1942-)
_954664
830 0 _aBiblioteca de legislación ;
_v21.
_aTextos legales anotados
_9230895
852 _aES-MaACL
_jA-15268
_9 69941
_cDEPO1
_dOlim: L 347.27(460)"2003" ESP
_dOlim: Meseton
942 _2udc
999 _c67425
_d67425